Bezirke an der Wiener Stadtmauer - Statistiken

Allgemein
  • Dieses Quiz wurde 89 mal gespielt
    61 seit der letzten Aktualisierung
  • Das Durchschnittsergebnis liegt bei 7 aus 8
Antwortstatistiken
Bezirk % Korrekt
Innere Stadt
94%
Mariahilf
94%
Landstraße
90%
Wieden
88%
Neubau
85%
Josefstadt
79%
Leopoldstadt
79%
Alsergrund
75%
Keine übereinstimmenden Quizze gefunden
Verteilung der Resultate
Anzahl Personen mit jedem Resultat
Perzentil nach korrekt beantworteten Fragen
Ihre Resultats-Entwicklung
Sie haben dieses Quiz seit der letzten Aktualisierung nicht gespielt